Orígenes y sociología del tema celestinesco / (Record no. 11022)

MARC details
000 -LEADER
campo de control de longitud fija 00826nam a2200265 i 4500
001 - NÚMERO DE CONTROL
campo de control 11022
003 - IDENTIFICADOR DE NÚMERO DE CONTROL
campo de control ES-MaACL
005 - FECHA Y HORA DE LA ÚLTIMA TRANSACCIÓN
campo de control 20250511130021.0
007 - CAMPO FIJO DE DESCRIPCIÓN FÍSICA--INFORMACIÓN GENERAL
campo de control de longitud fija t|
008 - DATOS DE LONGITUD FIJA--INFORMACIÓN GENERAL
campo de control de longitud fija 930506s1993 sp |||| | spa
020 ## - NÚMERO INTERNACIONAL ESTÁNDAR DEL LIBRO
Número Internacional Estándar del Libro 84-7658-379-6
080 ## - NÚMERO DE LA CLASIFICACIÓN DECIMAL UNIVERSAL
Número de la Clasificación Decimal Universal 821.134.2 Rojas, Fernando de 7 Celestina. 07
100 1# - ENTRADA PRINCIPAL--NOMBRE DE PERSONA
Nombre de persona Márquez Villanueva, Francisco.
9 (RLIN) 77039
245 10 - MENCIÓN DEL TÍTULO
Título Orígenes y sociología del tema celestinesco /
Mención de responsabilidad, etc. Francisco Márquez Villanueva.
250 ## - MENCION DE EDICION
Mención de edición 1ª ed.
260 ## - PUBLICACIÓN, DISTRIBUCIÓN, ETC.
Lugar de publicación, distribución, etc. Barcelona :
Nombre del editor, distribuidor, etc. Anthropos,
Fecha de publicación, distribución, etc. 1993.
300 ## - DESCRIPCIÓN FÍSICA
Extensión 232 p. ;
Dimensiones 20 cm.
490 1# - MENCIÓN DE SERIE
Mención de serie Hispanistas ;
Designación de volumen o secuencia 2
500 ## - NOTA GENERAL
Nota general Índice.
504 ## - NOTA DE BIBLIOGRAFÍA, ETC.
Nota de bibliografía, etc. Bibliografía: p. 193-220.
600 14 - PUNTO DE ACCESO ADICIONAL DE MATERIA--NOMBRE DE PERSONA
Nombre de persona Rojas, Fernando de,
Fechas asociadas al nombre ca. 1470-1541.
Título de la obra La Celestina
9 (RLIN) 99043
830 1# - PUNTO DE ACCESO ADICIONAL DE SERIE-TÍTULO UNIFORME
Título uniforme Hispanistas ;
Designación de volumen o secuencia 2
9 (RLIN) 184142
852 ## - LOCALIZACIÓN
Ubicación ES-MaACL
Número de control de estantería L-18325
Holdings
Estatus retirado Estado de pérdida Estado de daño No para préstamo Biblioteca de origen Biblioteca actual Ubicación en estantería Fecha de adquisición Fuente de adquisición Total de préstamos Signatura topográfica completa Código de barras Visto por última vez Precio de reemplazo Tipo de ítem Koha
        Biblioteca del Ateneo de Madrid Biblioteca del Ateneo de Madrid Depósito 2 17/01/2008     L-18325 1011240 23/02/2023 23/02/2023 Libro impreso